COMMUNITY MEDICINE WITH RECENT ADVANCES (Record no. 12043)

MARC details
000 -LEADER
fixed length control field 00294nam a22001337a 4500
003 - CONTROL NUMBER IDENTIFIER
control field SGT
082 ## - DEWEY DECIMAL CLASSIFICATION NUMBER
Classification number 614
Item number C17S
100 ## - MAIN ENTRY--PERSONAL NAME
Personal name SURYAKANTHA, A. H.
245 ## - TITLE STATEMENT
Title COMMUNITY MEDICINE WITH RECENT ADVANCES
260 ## - PUBLICATION, DISTRIBUTION, ETC. (IMPRINT)
Place of publication, distribution, etc INDIA
Name of publisher, distributor, etc JAYPEE
Year of Publication 2017
300 ## - PAGE DESCRIPTION
No. of Pages 1042
650 ## - SUBJECT ADDED ENTRY--TOPICAL TERM
Topical term or geographic name as entry element PSM
942 ## - ADDED ENTRY ELEMENTS (KOHA)
Source of classification or shelving scheme Dewey Decimal Classification
Koha item type Books
942 ## - ADDED ENTRY ELEMENTS (KOHA)
-- 3
Holdings
Withdrawn status Lost status Source of classification or shelving scheme Damaged status Not for loan Collection code Home library Current library Shelving location Date acquired Vendor Name Cost, normal purchase price SGTU Bill Number Total Checkouts Full call number Accession No. (Barcode) Date last seen Date last borrowed Bill Date Koha item type
    Dewey Decimal Classification     MEDICAL SGT Medical Library SGT Medical Library Text Book 28/06/2017 ABC 875.00 SGTU 8041 3 614 C17S FM8551 10/01/2024 05/01/2024 11/04/2017 Books
    Dewey Decimal Classification     MEDICAL SGT Medical Library SGT Medical Library Text Book 28/06/2017 ABC 875.00 SGTU 8041   614 C17S FM8552 28/06/2017   11/04/2017 Books
    Dewey Decimal Classification     MEDICAL SGT Medical Library SGT Medical Library Text Book 28/06/2017 ABC 875.00 SGTU 8041 15 614 C17S FM8553 03/12/2025 11/10/2025 11/04/2017 Books